000 004770000a22001810004500
003 MACL
005 20160322121225.0
008 160322b xxu||||| |||| 00| 0 eng d
040 _aMACL
_cMACL
041 _aHindi
082 _a891.431
100 _aदिनकर
_948003
245 _aदन्‍दगीत
260 _bश्रीअजन्‍ता प्रेस
_aपटना
350 _a1.50
650 _aPoetry
_948004
942 _cHIN
_k891.431
_2ddc
999 _c23154
_d23154